=LDR 00000nam 2200000 4500 =001 INLIS000000000038804 =005 20130612144450 =008 ***********************************Ind** =035 ##$$0010-061300000038804 =041 ##$$a Ind =082 ##$$a 813 =090 ##$$a 813, Tho t =100 ##$$a Thorpe, Kiki =245 ##$$a Tinker bell, peri paling berani di Never Land/ KIki Thorpe; Alih bahasa,Vina Damayanti =260 ##$$a 2009 $b Jakarta =300 ##$$a 107 hlm., ilus., 21 cm =650 ##$$a Fiksi =700 ##$$a Damayanti, Vina =850 ##$$a NBPNMAT =990 ##$$a 0001/BPAP-NTB/20142014